Statistiken für Simbabwe-Quiz

Klicken Sie hier um das Quiz zu spielen!

Allgemein

  • Dieses Quiz wurde 666 mal gespielt
  • Das Durchschnittsergebnis liegt bei 12 aus 20

Antwortstatistiken

FrageAntwort% Korrekt
Land, das an Simbabwe grenztSüdafrika
96%
Land, das an Simbabwe grenztBotswana
95%
Land, das an Simbabwe grenztMosambik
94%
Land, das an Simbabwe grenztSambia
93%
Ehemalige KolonialmachtVereinigtes Königreich
83%
Hauptstadt von SimbabweHarare
80%
Ehemaliger Name SimbabwesSüd{rhodesien}
76%
Berühmte Wasserfälle dieses Flusses{Victoria}fälle
76%
Simbabwe besteht mehrheitlich aus diesem Grasland-Ökosystem (Anfangsbuchstabe S)Savanne
71%
Fluss, der die Nordgrenze bildetSambesi
68%
Ruinenstadt vom 11. Jahrhundert, nach der das Land benannt wurde{Groß}-Simbabwe
60%
Diktator, der Simbabwe 1980–2017 bis Alter 93 führteRobert Mugabe
60%
Wegen der Hyperinflation, wurden in 2009 in Simbabwe Banknoten mit diesem erstaunlich hohen Wert gedruckt$100 Trillionen
51%
Suchterregende Substanz, die 24% der Exporte Simbabwes ausmachtTabak
48%
Tier auf dem Staatswappen SimbabwesSimbabwe-{Vogel}
32%
Fluss, der die Südgrenze bildetLimpopo
29%
Ehemaliger Name der HauptstadtSalisbury
24%
Zweitgrößte Stadt SimbabwesBulawayo
22%
Wichtigste EthnienShona
22%
Wichtigste EthnienNdebele
20%

Verteilung der Resultate

Perzentil nach korrekt beantworteten Fragen

Anzahl Personen mit jedem Resultat

Ihre Resultats-Entwicklung

Sie haben dieses Quiz noch nicht gespielt